| 000 | 01079nam a22002417a 4500 | ||
|---|---|---|---|
| 999 |
_c8850 _d8850 |
||
| 003 | AR-CdUCM | ||
| 008 | 190326b ||||| |||| 00| 0 spa d | ||
| 020 | _a8450591759 | ||
| 040 |
_aMUNICIPALIDAD PROVINCIAL DEL CUSCO _cBIBLIOTECA MUNICIPAL DEL CUSCO |
||
| 082 |
_a946.8 / _bG62 |
||
| 100 |
_aGómez Cruz. Manuel _924642 |
||
| 245 | _aMorfología urbana de Almería en el siglo XVIII / | ||
| 260 |
_aGranada : _bCentro de estudios Municipales y de Cooperación Interprovincial, _c1990. |
||
| 300 |
_a206 páginas ; _c22 cm. |
||
| 440 |
_aPerspectiva histórica _n : 4 _924643 |
||
| 505 | _aContenido: Fuentes censales y bibliográficas -- Fuentes cartográficas -- Condicionamiento geográficos e históricos -- Estructura urbana -- La vivienda almeriense ... | ||
| 650 |
_aHistoria - España - Almería _924644 |
||
| 650 |
_aMorfología urbana - España - Historia _924645 |
||
| 650 |
_aFuentes - Historia - Almería - Urbanística _924646 |
||
| 710 |
_aCentro de estudios Municipales y de Cooperación Interprovincia _924647 |
||
| 942 |
_2ddc _cLIBROS |
||
| 945 | _alccs | ||